书目信息 |
| 书名: | Little Girl in a Red Dress with Cat and Dog | |
| 作者: | Nicholas B. A. Nicholson | |
| 分册号: | ||
| 分册名: | 出版地: | NEW YORK |
|
| 出版社: | VIKING | |
| 出版时间: | 1998 | |
| 页数: | 32P | |
| 开本: | 26CM | |
| 丛书名: | ||
| 中图分类号: | ||
| 科图分类号: | ||
| 其他分类号: | I18 | |
| 主题词: | ||
| 电子资源: | ||
| 000 | 00411nam0 2200145 450 | |
| 001 | 202012001918 | |
| 005 | 20121115170141.0 | |
| 008 | 12111501s | |
| 020 | @a9780670871834@bHARD@c$15.99 | |
| 099 | @dI18@eN597 | |
| 245 | 10 | @aLittle Girl in a Red Dress with Cat and Dog@cNicholas B. A. Nicholson |
| 260 | 0 | @aNEW YORK@bVIKING@c1998 |
| 300 | @a32P@c26CM | |
| 905 | @b11655-6 | |
| 905 | @aTSG@dI18@eN597 | |
| Little Girl in a Red Dress with Cat and Dog / Nicholas B. A. Nicholson.-NEW YORK : VIKING , 1998 |
| 32P ; 26CM |
| ISBN 9780670871834HARD$15.99 |
| ● |
| 相关链接 |
|
|
|
正题名:Little Girl in a Red Dress with Cat and
索取号:I18/N597
 
预约/预借
| 序号 | 登录号 | 条形码 | 馆藏地/架位号 | 状态 | 备注 |
| 1 | 11655 | 300116559 | 文学库108/400A自科库 15排2列3层/ [索取号:I18/N597] | 在馆 | |
| 2 | 11656 | 300116568 | 文学库108/108文学库 4排10列2层/ [索取号:I18/N597] | 在馆 |